The Immortals : (Record no. 233329)
[ view plain ]
| 000 -LEADER | |
|---|---|
| fixed length control field | 01440cam a22002533a 4500 |
| 001 - CONTROL NUMBER | |
| control field | 4000 |
| 003 - CONTROL NUMBER IDENTIFIER | |
| control field | PGUSA |
| 005 - DATE AND TIME OF LATEST TRANSACTION | |
| control field | 20140828083041.0 |
| 008 - FIXED-LENGTH DATA ELEMENTS--GENERAL INFORMATION | |
| fixed length control field | 041030s2004||||xxu|||||s|||||000 1 eng d |
| 040 ## - CATALOGING SOURCE | |
| Original cataloging agency | PGUSA |
| Language of cataloging | eng |
| 042 ## - AUTHENTICATION CODE | |
| Authentication code | dc |
| 050 #4 - LIBRARY OF CONGRESS CALL NUMBER | |
| Classification number | PQ |
| 245 14 - TITLE STATEMENT | |
| Title | The Immortals : |
| Remainder of title | Masterpieces of Fiction, Crowned by the French Academy — Complete |
| Medium | [electronic resource] / |
| Statement of responsibility, etc | Various |
| 260 ## - PUBLICATION, DISTRIBUTION, ETC. (IMPRINT) | |
| Name of publisher, distributor, etc | Project Gutenberg, |
| Date of publication, distribution, etc | 2004 |
| 505 0# - FORMATTED CONTENTS NOTE | |
| Formatted contents note | An Attic Philosopher by E. Souvestre -- Madame Chrysantheme by Pierre Loti -- Conscience by Hector Malot -- Gerfaut by Charles de Bernard -- Fromont and Risler by Alphonse Daudet -- The Ink-Stain by Rene Bazin -- Jacqueline by Th. Bentzon (Mme. Blanc) -- Cosmopolis by Paul Bourget -- A Romance of Youth by Francois Coppee -- L'Abbe Constantin by Ludovic Halevy -- Cinq Mars by Alfred de Vigny -- Monsieur de Camors by Octave Feuillet -- Child of The Century Alfred de Musset -- A Woodland Queen by Andre Theuriet -- Zebiline by Phillipe de Masa -- Prince Zilah by Jules Claretie -- Monsieur, Madame and Bebe by Gustave Droz -- The Red Lily by Anatole France -- Serge Panine by Georges Ohnet. |
| 506 ## - RESTRICTIONS ON ACCESS NOTE | |
| Terms governing access | Public domain in the USA. |
| 516 ## - TYPE OF COMPUTER FILE OR DATA NOTE | |
| Type of computer file or data note | Electronic text |
| 653 ## - INDEX TERM--UNCONTROLLED | |
| Uncontrolled term | Literature -- Collections |
| 653 ## - INDEX TERM--UNCONTROLLED | |
| Uncontrolled term | French fiction |
| 740 0# - ADDED ENTRY--UNCONTROLLED RELATED/ANALYTICAL TITLE | |
| Uncontrolled related/analytical title | The French Immortals Series — Complete |
| 830 #0 - SERIES ADDED ENTRY--UNIFORM TITLE | |
| Uniform title | Project Gutenberg |
| Volume number/sequential designation | 4000 |
| 856 40 - ELECTRONIC LOCATION AND ACCESS | |
| Uniform Resource Identifier | <a href="http://www.gutenberg.org/ebooks/4000">http://www.gutenberg.org/ebooks/4000</a> |
| 942 ## - ADDED ENTRY ELEMENTS (KOHA) | |
| Koha item type | eBooks |
| Withdrawn status | Lost status | Damaged status | Home library | Current library | Date acquired | Total Checkouts | Date last seen | Price effective from | Koha item type |
|---|---|---|---|---|---|---|---|---|---|
| Project Gutenberg | Project Gutenberg | 08/28/2014 | 08/28/2014 | 08/28/2014 | eBooks |